Najdrahšou svetovou ulicou je Piata avenue
Najlepšie predajné miesta vo svete. Zoznam ulíc s najdrahším nájomným vo svete. Bratislava je na zozname. Náklady na nájomné vo vychytených lokalitách stále vzrastajú.
Salvato in:
| Autore principale: | |
|---|---|
| Natura: | Capitolo di libro |
| Lingua: | slovacco |
| Soggetti: | |
| Tags: |
Nessun Tag, puoi essere il primo ad aggiungerne!!
|
MARC
| LEADER | 00000naa$a2200000$$$4500 | ||
|---|---|---|---|
| 001 | 0035475 | ||
| 005 | 20231004131110.4 | ||
| 041 | 0 | |a slo | |
| 044 | |a SK | ||
| 245 | 1 | 0 | |a Najdrahšou svetovou ulicou je Piata avenue |c Soňa Zverková |
| 520 | |a Najlepšie predajné miesta vo svete. Zoznam ulíc s najdrahším nájomným vo svete. Bratislava je na zozname. Náklady na nájomné vo vychytených lokalitách stále vzrastajú. | ||
| 610 | 2 | 0 | |a nájomné |
| 610 | 2 | 0 | |a predajne |
| 610 | 2 | 0 | |a tovar značkový |
| 610 | 2 | 0 | |a nákup |
| 610 | 2 | 0 | |a zákazníci |
| 610 | 2 | 0 | |a svet |
| 610 | 2 | 0 | |a obchodníci |
| 100 | 1 | |a Zverková, Soňa | |